Hiện trạng và khả năng tiếp cận phúc lợi xã hội của người công nhân đang làm việc tại các khu công nghiệp tỉnh Bình Dương, Việt Nam

Sparad:
Bibliografiska uppgifter
Huvudupphovsman: Nguyễn, Đức Lộc
Materialtyp: Bok
Språk:Undetermined
Ämnen:
Länkar:http://lrc.tdmu.edu.vn/opac/search/detail.asp?aID=2&ID=34713
Taggar: Lägg till en tagg
Inga taggar, Lägg till första taggen!
Thư viện lưu trữ: Trung tâm Học liệu Trường Đại học Thủ Dầu Một
LEADER 00842nam a2200145Ia 4500
001 TDMU_34713
008 210410s9999 xx 000 0 und d
082 |a 618.178 
100 |a Nguyễn, Đức Lộc 
245 0 |a Hiện trạng và khả năng tiếp cận phúc lợi xã hội của người công nhân đang làm việc tại các khu công nghiệp tỉnh Bình Dương, Việt Nam 
245 0 |c Nguyễn Đức Lộc 
300 |a Tr.69-81 
650 |a Phúc lợi xã hội  |x Công nhân  |z Bình Dương(Việt Nam); Xã hội hóa; Phúc lợi; Nhà nước; Doanh nghiệp; Người lao động; Thu nhập thấp 
856 |u http://lrc.tdmu.edu.vn/opac/search/detail.asp?aID=2&ID=34713 
980 |a Trung tâm Học liệu Trường Đại học Thủ Dầu Một